00266nam a2200121Ia 4500008004100000100000900041245003100050260002200081300000700103650001000110942000700120999001700127190216s9999||||xx |||||||||||||| ||und|| aNull 0aHindi-Noothan Gath Samgrah bSahithya Accadamy a85 aHindi cBK c15830d15830